Studies in Exat Sciences in Medieval (Record no. 14043)

MARC details
000 -LEADER
fixed length control field 00233nam a22001097a 4500
082 ## - DEWEY DECIMAL CLASSIFICATION NUMBER
Classification number 297.5ALI
100 ## - MAIN ENTRY--AUTHOR NAME
Personal name Al-Daffa Ali.A
245 ## - TITLE STATEMENT
Title Studies in Exat Sciences in Medieval
260 ## - PUBLICATION, DISTRIBUTION, ETC. (IMPRINT)
Place of publication Sandi
Year of publication 1984
300 ## - PHYSICAL DESCRIPTION
Number of Pages 243
942 ## - ADDED ENTRY ELEMENTS (KOHA)
Koha item type Books
Holdings
Withdrawn status Lost status Home library Current library Date acquired Cost, normal purchase price Full call number Accession Number Koha item type
    Central Library, QUEST, Nawabshah Central Library, QUEST, Nawabshah 15/09/2015 1090.00 297.5ALI 11799 Books